[Event "European Blitz-ch 2018"]
[Site "Skopje"]
[Date "2018.12.07"]
[Round "15"]
[White "Fridman, Daniel"]
[Black "Ivic, Velimir"]
[Result "0-1"]
[WhiteElo "2633"]
[BlackElo "2497"]
[Annotator "TA"]
[PlyCount "114"]
[EventDate "2018.12.06"]
[EventType "swiss"]
[EventCountry "MKD"]

1. d4 Nf6 2. c4 g6 3. Nc3 Bg7 4. g3 O-O 5. Bg2 d6 6. Nf3 Nc6 7. O-O e5 8. dxe5 Nxe5 9. Nxe5 dxe5 10. Qxd8 Rxd8 11. Bg5 Rd4 12. b3 c6 13. Na4 h6 14. Be3 Rd8 15. Rfd1 Re8 16. h3 Nd7 17. Rd2 Nf8 18. Rad1 Ne6 19. Nc5 Nxc5 20. Bxc5 Be6 21. a4 Bf8 22. Bxf8 Kxf8 23. a5 a6 24. f4 exf4 25. gxf4 Ke7 26. Kf2 Rad8 27. h4 f6 28. e4 Rxd2+ 29. Rxd2 g5 30. hxg5 hxg5 31. f5 Bf7 32. Kg3 Rh8 33. Bf3 Rh4 34. c5 Bh5 35. Bxh5 Rxh5 36. Rd4 Rh7 37. Kg4 Rh4+ 38. Kf3 Rh3+ 39. Kg4 Rxb3 40. e5 fxe5 41. Rd1 Rb5 42. Kxg5 Rxc5 43. f6+ Ke6 44. Rd8 Rc2 45. Re8+ Kf7 46. Re7+ Kf8 47. Rxb7 e4 48. Kf5 Rf2+ 49. Ke6 Kg8 50. Rb8+ Kh7 51. f7 e3 52. Rb1 e2 53. Rh1+ Kg7 54. Rg1+ Kh7 55. Ke7 Rf1 56. Kd6 e1=Q 57. f8=Q Qd2+ 0-1

[Event "European Blitz-ch 2018"]
[Site "Skopje"]
[Date "2018.12.07"]
[Round "15"]
[White "Banikas, Hristos"]
[Black "Demidov, Mikhail"]
[Result "1/2-1/2"]
[WhiteElo "2601"]
[BlackElo "2520"]
[Annotator "TA"]
[PlyCount "120"]
[EventDate "2018.12.06"]
[EventType "swiss"]
[EventCountry "MKD"]

1. d4 d5 2. c4 c6 3. Nf3 Nf6 4. Nbd2 Bf5 5. Nh4 Be4 6. f3 Bg6 7. e3 e6 8. g3 a6 9. Nxg6 hxg6 10. Bg2 Be7 11. O-O O-O 12. b3 dxc4 13. Nxc4 b5 14. Ne5 c5 15. Bb2 Qb6 16. a4 Nc6 17. Nxc6 Qxc6 18. f4 Nd5 19. dxc5 Bxc5 20. Bd4 Qb6 21. Bxd5 Bxd4 22. Qxd4 Qxd4 23. exd4 exd5 24. Rfc1 bxa4 25. Rxa4 Rfb8 26. Rc3 Rb5 27. Kf2 f6 28. Ke3 Rab8 29. Ra3 R8b6 30. Kd3 Kf7 31. Rc7+ Ke6 32. Kc3 Kf5 33. Rc5 Ke4 34. Rc7 Kf5 35. Rxg7 Rc6+ 36. Kd3 Rcb6 37. Kc3 Rc6+ 38. Kb2 Re6 39. Ra7 Re2+ 40. Kc3 Re3+ 41. Kd2 Rexb3 42. Rxb3 Rxb3 43. Rxa6 g5 44. fxg5 fxg5 45. Kc2 Rf3 46. Rd6 Ke4 47. Rg6 Kxd4 48. Rxg5 Rf2+ 49. Kd1 Rxh2 50. Ke1 Ke4 51. Kd1 d4 52. Rg8 Kd3 53. Ke1 Rh1+ 54. Kf2 Kc2 55. Rc8+ Kd2 56. Ra8 d3 57. Ra2+ Kc3 58. Ra3+ Kc2 59. Ra2+ Kb3 60. Rd2 Kc3 1/2-1/2

[Event "European Blitz-ch 2018"]
[Site "Skopje"]
[Date "2018.12.07"]
[Round "15"]
[White "Bosiocic, Marin"]
[Black "Warmerdam, Max"]
[Result "1-0"]
[WhiteElo "2599"]
[BlackElo "2433"]
[Annotator "TA"]
[PlyCount "77"]
[EventDate "2018.12.06"]
[EventType "swiss"]
[EventCountry "MKD"]

1. d4 Nf6 2. c4 g6 3. Nc3 Bg7 4. e4 d6 5. h3 O-O 6. Be3 c5 7. Nf3 cxd4 8. Nxd4 Nc6 9. Be2 Bd7 10. O-O Nxd4 11. Bxd4 Bc6 12. Qd3 a5 13. b3 Nd7 14. Bxg7 Kxg7 15. Rab1 Nc5 16. Qe3 Qc7 17. f4 Qb6 18. Kh2 Nd7 19. Qg3 Qc5 20. Rfd1 Nf6 21. Bf3 a4 22. e5 dxe5 23. fxe5 Nd7 24. Bxc6 Qxc6 25. Nd5 Rfe8 26. Rf1 Rac8 27. Rbe1 e6 28. Nf6 Nxf6 29. Rxf6 Re7 30. h4 axb3 31. axb3 Ra8 32. h5 Ra2 33. Re3 Qc5 34. Qf4 Rd7 35. hxg6 hxg6 36. Rh3 Kg8 37. Qg5 Qe7 38. Qh6 Rxg2+ 39. Kxg2 1-0

[Event "European Blitz-ch 2018"]
[Site "Skopje"]
[Date "2018.12.07"]
[Round "15"]
[White "Perunovic, Milos"]
[Black "Salgado Lopez, Ivan"]
[Result "0-1"]
[WhiteElo "2597"]
[BlackElo "2629"]
[Annotator "TA"]
[PlyCount "102"]
[EventDate "2018.12.06"]
[EventType "swiss"]
[EventCountry "MKD"]

1. e4 c5 2. Nf3 Nc6 3. Nc3 d6 4. d4 cxd4 5. Nxd4 Nf6 6. Bg5 e6 7. Qd2 a6 8. O-O-O Be7 9. f4 Bd7 10. Nf3 b5 11. Bxf6 gxf6 12. Kb1 Qb6 13. g3 O-O-O 14. Bh3 Kb8 15. Ne2 Rhe8 16. Ned4 Na5 17. b3 Nb7 18. Rhe1 Nc5 19. Qe3 Bc8 20. f5 Bf8 21. fxe6 fxe6 22. Nd2 Ka7 23. c4 b4 24. Nc2 Bb7 25. Qf4 Bg7 26. Nf3 Re7 27. Re2 Ka8 28. Bg2 a5 29. Nd2 Rc7 30. Qe3 Qa7 31. Nd4 Qb6 32. Nb5 Rcd7 33. Bf3 Bc6 34. Rc1 Rb8 35. Bg2 a4 36. Qf4 Qa5 37. Nf1 f5 38. e5 Bxg2 39. Rxg2 Bxe5 40. Qf3+ Rdb7 41. Nd2 d5 42. Re2 Ne4 43. Nxe4 fxe4 44. Qh5 Bh8 45. bxa4 Qxa4 46. Nd6 b3 47. Nxb7 Rxb7 48. a3 Qxa3 49. Qe8+ Rb8 50. Qc6+ Ka7 51. Qd7+ Rb7 0-1

[Event "European Blitz-ch 2018"]
[Site "Skopje"]
[Date "2018.12.07"]
[Round "15"]
[White "Esipenko, Andrey"]
[Black "Erdos, Viktor"]
[Result "0-1"]
[WhiteElo "2593"]
[BlackElo "2605"]
[Annotator "TA"]
[PlyCount "92"]
[EventDate "2018.12.06"]
[EventType "swiss"]
[EventCountry "MKD"]

1. d4 Nf6 2. Nf3 g6 3. g3 Bg7 4. Bg2 d5 5. O-O O-O 6. c4 c6 7. Qb3 a5 8. Nc3 a4 9. Qb4 dxc4 10. Qxc4 Bf5 11. e3 b5 12. Qe2 b4 13. Nb1 c5 14. Nbd2 Nc6 15. Nh4 Bd7 16. d5 Ne5 17. Rd1 Qb8 18. Ndf3 Bb5 19. Qc2 a3 20. Nxe5 Qxe5 21. Nf3 Qc7 22. e4 axb2 23. Bxb2 Ba4 24. Qc4 Bxd1 25. Rxd1 Nxe4 26. Bxg7 Nd6 27. Be5 Nxc4 28. Bxc7 Rxa2 29. Rc1 Rc8 30. Bf4 Nd6 31. Ne5 b3 32. Nc6 b2 33. Rf1 Kf8 34. Be5 Nc4 35. Bc3 Ra3 36. Bxb2 Nxb2 37. Rb1 Nd3 38. Bf1 c4 39. Rb7 Nc5 40. Rb5 Ne4 41. Bxc4 Nd6 42. Rc5 e6 43. Bf1 exd5 44. Bg2 Ne4 45. Rxd5 Ra1+ 46. Bf1 Rxc6 0-1

[Event "European Blitz-ch 2018"]
[Site "Skopje"]
[Date "2018.12.07"]
[Round "15"]
[White "Djukic, Nikola"]
[Black "Stoyanov, Tsvetan"]
[Result "1-0"]
[WhiteElo "2574"]
[BlackElo "2310"]
[Annotator "TA"]
[PlyCount "75"]
[EventDate "2018.12.06"]
[EventType "swiss"]
[EventCountry "MKD"]

1. Nf3 Nf6 2. g3 b6 3. Bg2 Bb7 4. d3 e6 5. e4 d5 6. e5 Nfd7 7. O-O c5 8. c3 Qc7 9. Re1 Nc6 10. Bf4 Be7 11. h4 h6 12. Na3 a6 13. Nc2 O-O-O 14. a3 Nf8 15. Qe2 Rg8 16. h5 g5 17. Bd2 f6 18. exf6 Bxf6 19. Nh2 e5 20. Ng4 Bg7 21. b4 Ne6 22. Nce3 Ne7 23. c4 e4 24. cxd5 Nxd5 25. Nxd5 Bxd5 26. dxe4 Bb7 27. Rac1 Nd4 28. Qd1 c4 29. Ne3 b5 30. Nd5 Bxd5 31. exd5 Nb3 32. Rc2 Qd6 33. Be3 Kb7 34. Bc5 Nxc5 35. bxc5 Qxc5 36. d6+ Kb8 37. Qf3 Qa7 38. Re7 1-0

[Event "European Blitz-ch 2018"]
[Site "Skopje"]
[Date "2018.12.07"]
[Round "15"]
[White "Moroni, Luca Jr"]
[Black "Anton Guijarro, David"]
[Result "1/2-1/2"]
[WhiteElo "2564"]
[BlackElo "2642"]
[Annotator "TA"]
[PlyCount "115"]
[EventDate "2018.12.06"]
[EventType "swiss"]
[EventCountry "MKD"]

1. c4 Nf6 2. Nc3 e5 3. Nf3 Nc6 4. e3 Be7 5. a3 O-O 6. Qc2 d5 7. cxd5 Nxd5 8. Nxd5 Qxd5 9. Bd3 Kh8 10. Be4 Qd6 11. b4 f5 12. Bxc6 bxc6 13. Bb2 Bf6 14. O-O e4 15. Nd4 Be5 16. f4 exf3 17. Nxf3 Bxb2 18. Qxb2 Be6 19. Qe5 Bd5 20. Qxd6 cxd6 21. Nd4 g6 22. Rfc1 Rfc8 23. Rc3 a5 24. Rac1 axb4 25. axb4 Ra2 26. R1c2 Rxc2 27. Rxc2 Kg7 28. Nb5 Rb8 29. Nxd6 Rxb4 30. d3 Rb6 31. Nc4 Ra6 32. Kf2 Kf6 33. Nd2 Ke5 34. Nf3+ Kd6 35. d4 Ra4 36. Rb2 Ra7 37. Ne5 g5 38. Nd3 Ra3 39. Nc5 Be4 40. g4 Kd5 41. gxf5 Bxf5 42. Kf3 Bg6 43. Rb7 Bh5+ 44. Kf2 Bg6 45. Rd7+ Kc4 46. Rd6 Ra2+ 47. Kg3 Re2 48. Rxc6 Rxe3+ 49. Kf2 Rh3 50. Ne6+ Kd5 51. Nxg5 Rxh2+ 52. Kg3 Rh5 53. Rc5+ Kxd4 54. Ne6+ Ke3 55. Rxh5 Bxh5 56. Kh4 Bf7 57. Ng5 Bg8 58. Nxh7 1/2-1/2

[Event "European Blitz-ch 2018"]
[Site "Skopje"]
[Date "2018.12.07"]
[Round "15"]
[White "Brkic, Ante"]
[Black "Stefanova, Antoaneta"]
[Result "0-1"]
[WhiteElo "2563"]
[BlackElo "2486"]
[Annotator "TA"]
[PlyCount "102"]
[EventDate "2018.12.06"]
[EventType "swiss"]
[EventCountry "MKD"]

1. e4 e5 2. Nf3 Nc6 3. Nc3 Nf6 4. Bb5 Bb4 5. O-O O-O 6. d3 d6 7. Ne2 Ne7 8. c3 Ba5 9. Ng3 Ng6 10. d4 c6 11. Bd3 h6 12. h3 Re8 13. Re1 Bc7 14. Be3 d5 15. dxe5 Nxe4 16. Nxe4 dxe4 17. Bxe4 Nxe5 18. Qxd8 Rxd8 19. Nxe5 Bxe5 20. f4 Bf6 21. f5 Bd7 22. Rad1 Be8 23. Kf2 Rxd1 24. Rxd1 b6 25. Kf3 Rc8 26. Rd2 Kf8 27. Bf4 b5 28. Be3 c5 29. Rd6 b4 30. cxb4 cxb4 31. b3 a5 32. Ra6 Bd8 33. Ra7 h5 34. g4 hxg4+ 35. hxg4 Rc3 36. Ra8 Bb6 37. g5 Bxe3 38. g6 fxg6 39. fxg6 Bg5+ 40. Kg4 Bf6 41. Bf5 Rc7 42. Rxa5 Bd7 43. Bxd7 Rxd7 44. Rb5 Bc3 45. Kf5 Ke7 46. Rc5 Ra7 47. Rb5 Rxa2 48. Rb7+ Kd6 49. Rb6+ Kc5 50. Rb7 Ra3 51. Rc7+ Kb6 0-1

[Event "European Blitz-ch 2018"]
[Site "Skopje"]
[Date "2018.12.07"]
[Round "15"]
[White "Popov, Valerij"]
[Black "Stojanovski, Dejan"]
[Result "1/2-1/2"]
[WhiteElo "2532"]
[BlackElo "2430"]
[Annotator "TA"]
[PlyCount "125"]
[EventDate "2018.12.06"]
[EventType "swiss"]
[EventCountry "MKD"]

1. Nf3 Nf6 2. c4 c5 3. Nc3 g6 4. e4 Nc6 5. d4 cxd4 6. Nxd4 d6 7. Be2 Bg7 8. Be3 O-O 9. O-O Bd7 10. Qd2 a5 11. b3 a4 12. f3 Qa5 13. Rab1 Nxd4 14. Bxd4 axb3 15. axb3 Qb4 16. Rfd1 Bc6 17. Kh1 Rfc8 18. Bxf6 Bxf6 19. Nd5 Qxd2 20. Nxf6+ Kg7 21. Nh5+ gxh5 22. Rxd2 Ra3 23. Kg1 Rca8 24. Kf2 Kf6 25. Ke3 h4 26. Kf4 Rg8 27. Bd3 e5+ 28. Ke3 b6 29. Rdb2 Ke7 30. Bf1 h6 31. Kd2 Ke6 32. Kc3 Ra7 33. Rd2 Rd8 34. Kb4 f5 35. exf5+ Kxf5 36. Rbd1 Ke6 37. Re1 Rf8 38. Re3 h3 39. g3 Rxf3 40. Bxh3+ Ke7 41. Rxf3 Bxf3 42. Kb5 Ra3 43. Rd3 Be4 44. Re3 Bc2 45. Kb4 Ra2 46. Bg4 Bg6 47. h4 h5 48. Bf3 Kf6 49. Kb5 Rb2 50. Kxb6 Bc2 51. Kc7 Bxb3 52. Rc3 Ke7 53. Bxh5 Ba4 54. Bf3 Bd7 55. Bd5 Be6 56. Bxe6 Kxe6 57. Rd3 Rc2 58. Rxd6+ Kf5 59. Kc6 Rxc4+ 60. Kd5 Rg4 61. Rh6 Rxg3 62. Rh5+ Kg6 63. Rxe5 1/2-1/2

[Event "European Blitz-ch 2018"]
[Site "Skopje"]
[Date "2018.12.07"]
[Round "15"]
[White "Lobanov, Sergei"]
[Black "Kalezic, Blazo"]
[Result "0-1"]
[WhiteElo "2526"]
[BlackElo "2460"]
[Annotator "TA"]
[PlyCount "84"]
[EventDate "2018.12.06"]
[EventType "swiss"]
[EventCountry "MKD"]

1. e4 e6 2. d4 d5 3. Nc3 Nf6 4. Bg5 Be7 5. e5 Nfd7 6. h4 a6 7. Qg4 Bxg5 8. hxg5 c5 9. g6 f5 10. exf6 Nxf6 11. Qh4 cxd4 12. Qxd4 Nc6 13. Qd2 d4 14. Nce2 h6 15. O-O-O e5 16. f4 Ne4 17. Qe1 Qd5 18. Kb1 Be6 19. Nc1 O-O 20. Bd3 Rxf4 21. Nh3 Bxh3 22. Rxh3 Nc5 23. Qe2 b5 24. Rf3 Raf8 25. Rdf1 Rxf3 26. gxf3 Nb4 27. a3 Nbxd3 28. Nxd3 Nxd3 29. cxd3 Rf6 30. Qg2 Qe6 31. Rg1 Qf5 32. Qe2 Rxg6 33. Rc1 Rf6 34. Rc7 Qxf3 35. Qxe5 Qxd3+ 36. Ka2 Qf5 37. Qxd4 Kh7 38. Re7 Qg6 39. Qe5 Rf5 40. Rxg7+ Qxg7 41. Qxf5+ Kh8 42. Qc8+ Qg8+ 0-1

[Event "European Blitz-ch 2018"]
[Site "Skopje"]
[Date "2018.12.07"]
[Round "15"]
[White "Santos Ruiz, Miguel"]
[Black "Nenezic, Marko"]
[Result "1-0"]
[WhiteElo "2523"]
[BlackElo "2515"]
[Annotator "TA"]
[PlyCount "84"]
[EventDate "2018.12.06"]
[EventType "swiss"]
[EventCountry "MKD"]

1. c4 Nf6 2. Nc3 g6 3. d4 Bg7 4. e4 d6 5. f3 O-O 6. Be3 c5 7. Nge2 Qa5 8. Qd2 a6 9. a4 Nc6 10. d5 Ne5 11. Nc1 Qb4 12. b3 Qa5 13. Be2 Nfg4 14. N3a2 Qxd2+ 15. Bxd2 Nh6 16. Nc3 f5 17. O-O fxe4 18. fxe4 Bg4 19. h3 Bxe2 20. N1xe2 Nd3 21. Rad1 Nf7 22. a5 Nfe5 23. Na4 Rae8 24. Bc3 Rxf1+ 25. Rxf1 Nd7 26. Bxg7 Kxg7 27. Rd1 N7e5 28. Rd2 Rf8 29. Nb2 Ne1 30. Rd1 Nc2 31. Rf1 Rxf1+ 32. Kxf1 g5 33. Nd1 Kf6 34. Kf2 e6 35. Ne3 Nxe3 36. Kxe3 exd5 37. exd5 h5 38. Ng3 g4 39. Nxh5+ Kg5 40. Ng3 gxh3 41. gxh3 Nf7 42. Ne4+ Kf5 1-0

[Event "European Blitz-ch 2018"]
[Site "Skopje"]
[Date "2018.12.07"]
[Round "15"]
[White "Rusev, Krasimir"]
[Black "Delchev, Aleksander"]
[Result "0-1"]
[WhiteElo "2520"]
[BlackElo "2552"]
[Annotator "TA"]
[PlyCount "59"]
[EventDate "2018.12.06"]
[EventType "swiss"]
[EventCountry "MKD"]

1. d4 Nf6 2. Nf3 e6 3. Bf4 b6 4. e3 Bb7 5. h3 d6 6. Bh2 Nbd7 7. Nbd2 g6 8. Be2 Bg7 9. O-O O-O 10. a4 a6 11. c4 a5 12. Qc2 Qe7 13. Nb1 Ne4 14. Nfd2 Nxd2 15. Nxd2 e5 16. Bf3 Bxf3 17. Nxf3 Rfe8 18. Rfd1 exd4 19. Nxd4 Nc5 20. b3 Be5 21. Bxe5 dxe5 22. Nb5 Rad8 23. Nc3 c6 24. Ne4 Nxe4 25. Qxe4 Rd6 26. c5 Rxd1+ 27. Rxd1 Qxc5 28. Rd7 Re7 29. Rxe7 Qxe7 30. Qxc6 0-1

[Event "European Blitz-ch 2018"]
[Site "Skopje"]
[Date "2018.12.07"]
[Round "15"]
[White "Jovanovic, Zoran"]
[Black "Timmermans, Mark"]
[Result "0-1"]
[WhiteElo "2518"]
[BlackElo "2375"]
[Annotator "TA"]
[PlyCount "131"]
[EventDate "2018.12.06"]
[EventType "swiss"]
[EventCountry "MKD"]

1. e4 e5 2. Nf3 Nc6 3. Bc4 Nf6 4. d3 Be7 5. O-O O-O 6. Re1 d6 7. a4 Kh8 8. Nc3 Ng8 9. Nd5 f5 10. c3 fxe4 11. dxe4 Bf6 12. h3 Nce7 13. a5 Nxd5 14. Bxd5 a6 15. Nh2 Ne7 16. Bc4 Qe8 17. Re3 Bg5 18. Rf3 Bxc1 19. Rxc1 Bd7 20. Rxf8+ Qxf8 21. Qf3 Bc6 22. Qxf8+ Rxf8 23. f3 Ng6 24. g3 Ne7 25. Rd1 Ba4 26. Rd2 g5 27. Kf2 Kg7 28. Ng4 Bd7 29. Ne3 h5 30. Kg2 Bc6 31. Bd5 Bxd5 32. Nxd5 Nxd5 33. Rxd5 Kf6 34. c4 Ke6 35. c5 dxc5 36. Rxc5 c6 37. Rc3 Rd8 38. Rb3 Rd7 39. h4 gxh4 40. gxh4 Rg7+ 41. Kf2 Kd6 42. Ke3 Rf7 43. Rc3 Rf4 44. Rd3+ Kc7 45. Rd2 Rxh4 46. Rg2 c5 47. Rg5 Kc6 48. Rxe5 Kb5 49. Re7 Kxa5 50. Rxb7 Rh2 51. Kf4 h4 52. Kg4 Rf2 53. Rh7 Rxb2 54. Rxh4 c4 55. Rh8 Rb5 56. Rh1 c3 57. Ra1+ Kb4 58. f4 Kb3 59. Rc1 Kb2 60. f5 c2 61. Rf1 a5 62. f6 Rb8 63. f7 a4 64. e5 a3 65. e6 c1=Q 66. e7 0-1

[Event "European Blitz-ch 2018"]
[Site "Skopje"]
[Date "2018.12.07"]
[Round "15"]
[White "Potapov, Pavel"]
[Black "Petkidis, Anthony"]
[Result "1/2-1/2"]
[WhiteElo "2516"]
[BlackElo "2375"]
[Annotator "TA"]
[PlyCount "117"]
[EventDate "2018.12.06"]
[EventType "swiss"]
[EventCountry "MKD"]

1. e4 e5 2. Nf3 Nc6 3. Bb5 a6 4. Ba4 Nf6 5. d3 b5 6. Bb3 Be7 7. O-O O-O 8. c3 d6 9. Re1 Na5 10. Bc2 c5 11. Nbd2 Nc6 12. Nf1 Re8 13. h3 h6 14. Ng3 Bf8 15. Nf5 d5 16. Qe2 Be6 17. a4 b4 18. g4 bxc3 19. bxc3 c4 20. dxc4 dxe4 21. Bxe4 Nxe4 22. Qxe4 Rc8 23. Ne3 Na5 24. Nxe5 Nxc4 25. N3xc4 Bxc4 26. Qd4 f6 27. Nf3 Qxd4 28. cxd4 Bd5 29. Rxe8 Rxe8 30. Nd2 Re1+ 31. Nf1 a5 32. Bb2 Rxa1 33. Bxa1 Bb4 34. Ne3 Bb3 35. Kf1 Bxa4 36. Ke2 Bb5+ 37. Kf3 Kf7 38. Ke4 a4 39. d5 a3 40. f4 Be2 41. Nc2 Bc5 42. Nd4 Bf1 43. Ne6 Bb6 44. Nd4 Bxh3 45. g5 Bg2+ 46. Kf5 g6+ 47. Kg4 fxg5 48. fxg5 h5+ 49. Kf4 Bxd5 50. Nb5 a2 51. Ke5 Bc4 52. Nd6+ Ke7 53. Nxc4 Bc7+ 54. Ke4 Ke6 55. Ne3 Bd8 56. Kf4 Bc7+ 57. Ke4 Bd8 58. Kf4 Bc7+ 59. Ke4 1/2-1/2

[Event "European Blitz-ch 2018"]
[Site "Skopje"]
[Date "2018.12.07"]
[Round "15"]
[White "Damljanovic, Branko"]
[Black "Golikov, Daniil"]
[Result "1-0"]
[WhiteElo "2495"]
[BlackElo "2278"]
[Annotator "TA"]
[PlyCount "89"]
[EventDate "2018.12.06"]
[EventType "swiss"]
[EventCountry "MKD"]

1. Nf3 Nf6 2. c4 e6 3. g3 d5 4. b3 b6 5. Bg2 Bb7 6. O-O Nbd7 7. Bb2 Be7 8. e3 O-O 9. Qe2 c5 10. Nc3 dxc4 11. bxc4 Rc8 12. d3 Bd6 13. Rfd1 Qe7 14. a4 Ne5 15. Nxe5 Bxe5 16. d4 cxd4 17. exd4 Bb8 18. d5 Rfe8 19. Nb5 exd5 20. Qxe7 Rxe7 21. Bxf6 gxf6 22. cxd5 Ba6 23. d6 Re5 24. d7 Rd8 25. Rac1 Bxb5 26. axb5 Rc5 27. Bc6 Kf8 28. Rxc5 bxc5 29. Re1 Bc7 30. Re8+ Kg7 31. Kf1 f5 32. Ke2 f4 33. gxf4 Kf6 34. Kd3 Kf5 35. Kc4 Kxf4 36. Kxc5 Kg4 37. Kd5 Kh3 38. Ke4 Kxh2 39. Kf5 Kg1 40. f4 Kf2 41. Kf6 h5 42. Kxf7 h4 43. f5 h3 44. Rxd8 Bxd8 45. Ke8 1-0

[Event "European Blitz-ch 2018"]
[Site "Skopje"]
[Date "2018.12.07"]
[Round "15"]
[White "Milanovic, Danilo"]
[Black "Belyakov, Bogdan"]
[Result "1-0"]
[WhiteElo "2494"]
[BlackElo "2459"]
[Annotator "TA"]
[PlyCount "44"]
[EventDate "2018.12.06"]
[EventType "swiss"]
[EventCountry "MKD"]

1. d4 d5 2. Bf4 c6 3. e3 h6 4. c4 a6 5. Nc3 Nf6 6. Qb3 b5 7. cxb5 axb5 8. Nf3 e6 9. Rc1 Be7 10. Be2 Qa5 11. a3 b4 12. axb4 Qxb4 13. Qxb4 Bxb4 14. O-O Nbd7 15. b3 Nh5 16. Bc7 Ra7 17. Nb5 Ra2 18. Bd6 Ba5 19. Na7 Nb6 20. Bd3 Kd7 21. Nxc8 Rxc8 22. Be5 f6 1-0

[Event "European Blitz-ch 2018"]
[Site "Skopje"]
[Date "2018.12.07"]
[Round "15"]
[White "Dvirnyy, Danyyil"]
[Black "Kadric, Denis"]
[Result "0-1"]
[WhiteElo "2485"]
[BlackElo "2554"]
[Annotator "TA"]
[PlyCount "88"]
[EventDate "2018.12.06"]
[EventType "swiss"]
[EventCountry "MKD"]

1. d4 d6 2. Nf3 g6 3. Bg5 Bg7 4. c3 Nd7 5. Nbd2 f6 6. Bh4 Nh6 7. e4 O-O 8. Bc4+ Nf7 9. Bg3 e5 10. a4 Qe7 11. O-O a5 12. Re1 Rd8 13. Qc2 Nf8 14. Nf1 Bh6 15. Rad1 Bg4 16. Be2 Be6 17. N3d2 f5 18. exf5 gxf5 19. f3 Ng6 20. Bc4 d5 21. Bb3 e4 22. fxe4 fxe4 23. Ne3 c6 24. Ndf1 Rf8 25. c4 Rad8 26. Qc3 Qg5 27. cxd5 cxd5 28. Qxa5 Nf4 29. Bxf4 Qxf4 30. Bxd5 Qg5 31. h4 Qh5 32. Ng3 Bxe3+ 33. Rxe3 Qxd1+ 34. Kh2 Bxd5 35. Nf5 Qc1 36. Ne7+ Kh8 37. Rg3 Qf4 38. Nxd5 Qxh4+ 39. Rh3 Qg5 40. Nf6 Qxf6 41. Qh5 Qd6+ 42. Kh1 h6 43. d5 Qxd5 44. Qg6 Qd1+ 0-1

[Event "European Blitz-ch 2018"]
[Site "Skopje"]
[Date "2018.12.07"]
[Round "15"]
[White "Jenni, Florian"]
[Black "Ragger, Markus"]
[Result "1-0"]
[WhiteElo "2454"]
[BlackElo "2687"]
[PlyCount "105"]
[EventDate "2018.12.06"]
[EventType "swiss"]
[EventCountry "MKD"]

1. e4 e5 2. f4 exf4 3. Nf3 Nf6 4. Nc3 d5 5. exd5 Nxd5 6. Nxd5 Qxd5 7. d4 Bg4 8. Bxf4 Nc6 9. Bxc7 Be7 10. c3 O-O 11. Be2 b5 12. O-O b4 13. c4 Qd7 14. Bg3 Bf6 15. Ne5 Bxe2 16. Nxd7 Bxd4+ 17. Bf2 Bxd1 18. Nxf8 Bxf2+ 19. Rxf2 Bg4 20. h3 Bc8 21. Nxh7 Kxh7 22. Rxf7 Be6 23. Rc7 Nd4 24. Rd1 Ne2+ 25. Kh2 Nf4 26. Rd4 Ng6 27. Rb7 a5 28. b3 Rf8 29. Rd2 Rf1 30. Ra7 Rf5 31. Rc2 Rc5 32. Re2 Bf5 33. Rd2 Be4 34. g4 Ne5 35. Kg3 Nc6 36. Rc7 a4 37. Kf4 Bb1 38. Rd5 Rxd5 39. cxd5 Nd4 40. Rc4 axb3 41. axb3 Nxb3 42. Rxb4 Bc2 43. d6 Nc5 44. Rc4 Ne6+ 45. Ke5 Bb3 46. Rb4 Ba2 47. d7 Nd8 48. Kd6 Nf7+ 49. Ke7 Kg6 50. h4 Ne5 51. Rb6+ Kh7 52. d8=Q Bc4 53. Qd4 1-0

[Event "European Blitz-ch 2018"]
[Site "Skopje"]
[Date "2018.12.07"]
[Round "15"]
[White "Kevlishvili, Robby"]
[Black "Lagarde, Maxime"]
[Result "0-1"]
[WhiteElo "2451"]
[BlackElo "2616"]
[Annotator "TA"]
[PlyCount "86"]
[EventDate "2018.12.06"]
[EventType "swiss"]
[EventCountry "MKD"]

1. e4 c5 2. Nf3 Nc6 3. d4 cxd4 4. Nxd4 Nf6 5. Nc3 e5 6. Ndb5 d6 7. Bg5 a6 8. Na3 b5 9. Nd5 Be7 10. Bxf6 Bxf6 11. c4 b4 12. Nc2 O-O 13. g3 a5 14. Bg2 Be6 15. O-O Bg5 16. Qd3 Nb8 17. a3 bxa3 18. Nxa3 Na6 19. Nb5 Nc5 20. Qc3 Bxd5 21. exd5 Qb6 22. Ra2 f5 23. b3 e4 24. Qc2 Nd3 25. Qe2 Nc1 26. Rxc1 Bxc1 27. Qd1 Bg5 28. Qd4 Qd8 29. c5 dxc5 30. Qc4 Kh8 31. d6 Rb8 32. h4 Bh6 33. Qxc5 e3 34. fxe3 Qe8 35. Nd4 Qxe3+ 36. Kh1 Qxg3 37. Re2 Qxh4+ 38. Kg1 Rbc8 39. Nc6 Qg4 40. Re6 f4 41. Re4 Qd7 42. Re7 Qg4 43. Re4 Qg6 0-1

[Event "European Blitz-ch 2018"]
[Site "Skopje"]
[Date "2018.12.07"]
[Round "15"]
[White "Markoja, Boris"]
[Black "Tsolakidou, Stavroula"]
[Result "1-0"]
[WhiteElo "2430"]
[BlackElo "2387"]
[PlyCount "61"]
[EventDate "2018.12.06"]
[EventType "swiss"]
[EventCountry "MKD"]

1. d4 Nf6 2. c4 e6 3. g3 c5 4. d5 exd5 5. cxd5 d6 6. Nc3 g6 7. Bg2 Bg7 8. Nf3 O-O 9. O-O a6 10. a4 Nbd7 11. Bf4 Qe7 12. h3 h6 13. Re1 Nh5 14. Bd2 Rb8 15. e4 c4 16. Be3 b5 17. axb5 axb5 18. Nd4 Ne5 19. Ncxb5 Bd7 20. Ra7 Qd8 21. Nxd6 Rxb2 22. Bf1 Qb8 23. Rxd7 Nxd7 24. Nxc4 Ra2 25. Nc6 Qc7 26. e5 Nxe5 27. N6xe5 Bxe5 28. d6 Qb8 29. Nxe5 Qb2 30. d7 Rd8 31. Nc6 1-0

[Event "European Blitz-ch 2018"]
[Site "Skopje"]
[Date "2018.12.07"]
[Round "15"]
[White "Zavgorodniy, Sergiy"]
[Black "Georgiev, Kiril"]
[Result "1-0"]
[WhiteElo "2420"]
[BlackElo "2595"]
[Annotator "TA"]
[PlyCount "71"]
[EventDate "2018.12.06"]
[EventType "swiss"]
[EventCountry "MKD"]

1. d4 Nf6 2. Nf3 d6 3. c4 Nbd7 4. Nc3 c6 5. Bg5 h6 6. Bh4 g5 7. Bg3 Nh5 8. e3 Bg7 9. Nd2 Ndf6 10. Be2 Nxg3 11. hxg3 Qc7 12. Qc2 Bd7 13. f4 O-O-O 14. O-O-O c5 15. Kb1 cxd4 16. exd4 Kb8 17. Ka1 Rc8 18. Qd3 gxf4 19. gxf4 Qa5 20. Nb3 Qf5 21. Qe3 e6 22. g4 Qg6 23. Rhg1 Ne8 24. c5 Qf6 25. Bf3 Bc6 26. d5 exd5 27. Bxd5 Bxd5 28. Rxd5 Qe6 29. Qd3 Bxc3 30. bxc3 Rg8 31. cxd6 Rd8 32. Nc5 Qf6 33. Rb1 b6 34. Ne4 Qxf4 35. Qd4 Kb7 36. Nc5+ 1-0

[Event "European Blitz-ch 2018"]
[Site "Skopje"]
[Date "2018.12.07"]
[Round "15"]
[White "Zlatanovic, Boroljub"]
[Black "Jankovic, Alojzije"]
[Result "1-0"]
[WhiteElo "2376"]
[BlackElo "2557"]
[Annotator "TA"]
[PlyCount "72"]
[EventDate "2018.12.06"]
[EventType "swiss"]
[EventCountry "MKD"]

1. Nc3 g6 2. d4 d5 3. e4 dxe4 4. Nxe4 Bg7 5. Nf3 Nh6 6. h3 Nf5 7. c3 O-O 8. Bc4 b6 9. O-O Bb7 10. Qe2 Nd7 11. Bb3 c5 12. dxc5 Bxe4 13. Qxe4 Nxc5 14. Qc2 Nxb3 15. Qxb3 Qc7 16. Bd2 Rfd8 17. Rad1 h6 18. Bc1 e6 19. Qa4 Qb7 20. Bf4 b5 21. Qb3 Qc6 22. Be5 h5 23. Bxg7 Kxg7 24. Qb4 Rd5 25. Nd4 Nxd4 26. Rxd4 Rad8 27. Rfd1 e5 28. Rxd5 Rxd5 29. Rxd5 Qxd5 30. Qe7 Qd1+ 31. Kh2 Qe2 32. f4 e4 33. f5 gxf5 34. Qg5+ Kf8 35. Qd8+ Kg7 36. Qg5+ Kf8 1-0

[Event "European Blitz-ch 2018"]
[Site "Skopje"]
[Date "2018.12.07"]
[Round "15"]
[White "Galopoulos, Nikolaos"]
[Black "Stevic, Hrvoje"]
[Result "1-0"]
[WhiteElo "2356"]
[BlackElo "2587"]
[Annotator "TA"]
[PlyCount "97"]
[EventDate "2018.12.06"]
[EventType "swiss"]
[EventCountry "MKD"]

1. d4 d5 2. c4 dxc4 3. Nf3 Nf6 4. e3 e6 5. Bxc4 c5 6. O-O a6 7. dxc5 Bxc5 8. Qxd8+ Kxd8 9. Nbd2 Ke7 10. b3 b6 11. Bb2 Bb7 12. Rac1 Nbd7 13. Rfd1 Rhd8 14. Be2 b5 15. a4 bxa4 16. bxa4 Rab8 17. Nc4 Bc6 18. Bxf6+ gxf6 19. a5 Bb5 20. Nd4 Bxd4 21. Rxd4 Ne5 22. Rxd8 Kxd8 23. Nxe5 fxe5 24. Bh5 f5 25. h4 Kd7 26. Rd1+ Ke7 27. Rc1 Kd6 28. Rd1+ Kc5 29. Bf7 Bc4 30. Rc1 Kd5 31. Bxe6+ Kxe6 32. Rxc4 Kd6 33. g4 Kd5 34. Ra4 Rg8 35. Kg2 fxg4 36. h5 e4 37. Kg3 h6 38. Rd4+ Ke5 39. Rb4 Rg5 40. Rb6 Rxh5 41. Rxa6 Rf5 42. Rxh6 Rf3+ 43. Kg2 g3 44. Rh5+ Kf6 45. Rh4 gxf2 46. Rf4+ Rxf4 47. exf4 e3 48. a6 Kf5 49. a7 1-0